| 000 | nam a22 7a 4500 | ||
|---|---|---|---|
| 999 |
_c354225 _d354225 |
||
| 003 | NUST | ||
| 005 | 20180117114747.0 | ||
| 008 | 180117b xxu||||| |||| 00| 0 eng d | ||
| 020 | _a9788120347137 | ||
| 040 | _c0 | ||
| 082 | _a320.01 | ||
| 100 |
_aVinod,M.J _98538 |
||
| 245 | 1 | 0 |
_aContemporary Political Theory _cM.J Vinod and Meena Deshpande |
| 260 |
_aDelhi _bPHI Learning Private Limited _c2016 |
||
| 300 |
_axxv;573 p _c23 cm |
||
| 650 | _2 Politics & Social Sciences , Politics & Government , Political Science ,History & Theory | ||
| 942 |
_2ddc _cBK |
||